Memoria institucional 1997
Guardat en:
| Autor corporatiu: | , |
|---|---|
| Format: | Llibre |
| Idioma: | espanyol |
| Publicat: |
Santiago
CONAMA
1998
|
| Matèries: | |
| Etiquetes: |
Afegir etiqueta
Sense etiquetes, Sigues el primer a etiquetar aquest registre!
|
MARC
| LEADER | 00000nam a2200000 a 4500 | ||
|---|---|---|---|
| 001 | UCK7809 | ||
| 003 | CL-VaPUC | ||
| 008 | 051216e19980000CL |||||||||||||||||spa|d | ||
| 082 | 0 | 4 | |a 363.7 |b COM |2 21 |
| 110 | 2 | |a Comisión Nacional del Medio Ambiente |e author |9 497448 | |
| 710 | 2 | |a CONAMA |e author |9 497449 | |
| 245 | 1 | 0 | |a Memoria institucional 1997 |
| 300 | |a 80 p | ||
| 942 | |c BK | ||
| 945 | |d 20051216 00:00:00 |a cmena | ||
| 260 | |a Santiago |b CONAMA |c 1998 | ||
| 650 | 0 | |a Ecología |9 258124 | |
| 650 | 0 | |a Protección del medio ambiente |9 257626 | |
| 650 | 0 | |a Educación ambiental |9 262920 | |
| 650 | 0 | |a Contaminación ambiental |9 314181 | |
| 650 | 0 | |a Medio ambiente natural |9 338575 | |
| 650 | 0 | |a Recursos naturales |9 255232 | |
| 583 | |a last modification |c 20051216 00:00:00 |k Rodrigo Vera | ||
| 999 | |c 315653 |d 315651 | ||
| 952 | |0 0 |1 0 |4 0 |6 363_700000000000000_COM_1998 |7 0 |8 P |9 389204 |a BIBDER |b BIBDER |d 2019-11-22 |i 4121953 |o 363.7 COM 1998 |p 4121953 |r 2023-01-25 |w 2019-11-22 |y BK |k DER | ||